000 00704nam a22002297a 4500
003 0
005 20241008083912.0
008 241008b xxu||||| |||| 00| 0 eng d
020 _a9781984803252
050 _aPR 9199
_b.L732 2019
100 _aLim, Roselle,
_eauthor.
245 _aNatalie Tan's book of luck & fortune /
_cRoselle Lim.
250 _a1st ed.
260 _aNew York :
_bBerkley,
_c2019.
300 _aix, 299 p. ;
_c21 cm.
500 _aIncludes readers guide with discussion questions.
650 _aChinese Americans
_vFiction.
650 _aFamilies
_vFiction.
650 _aCooking, Chinese
_vFiction.
651 _aChinatown (San Francisco, Calif.)
_vFiction.
942 _2lcc
_cBK
999 _c366467
_d366467